[Event "Bundesliga 2425"]
[Site "Germany"]
[Date "2024.12.01"]
[Round "4.7"]
[White "Winterberg, Lukas"]
[Black "Krause, Jonah"]
[Result "1/2-1/2"]
[WhiteElo "2414"]
[BlackElo "2350"]
[PlyCount "101"]
[EventDate "2024.09.28"]
[EventType "team-tourn"]
[EventRounds "15"]
[EventCountry "GER"]
[SourceTitle "CB49_2024"]
[SourceDate "2024.12.04"]
[SourceVersion "1"]
[SourceVersionDate "2024.12.04"]
[SourceQuality "1"]
[WhiteTeam "Heimbach Weis Neuwied"]
[BlackTeam "St Pauli"]
[WhiteTeamCountry "GER"]
[BlackTeamCountry "GER"]

1. d4 Nf6 2. Nf3 g6 3. c4 Bg7 4. Nc3 d5 5. cxd5 Nxd5 6. e4 Nxc3 7. bxc3 c5 8. Bb5+ Nc6 9. Rb1 0-0 10. d5 Ne5 11. 0-0 a6 12. Be2 Nxf3+ 13. Bxf3 b5 14. Be3 Qd6 15. Qc1 Bd7 16. h3 h5 17. Bf4 Be5 18. Bh6 a5 19. Bxf8 Rxf8 20. Be2 b4 21. cxb4 axb4 22. a3 Bf4 23. Qb2 Rb8 24. Qb3 h4 25. axb4 cxb4 26. Bg4 Be8 27. Rfd1 Bh2+ 28. Kh1 Be5 29. Rdc1 Qf6 30. Qf3 Qxf3 31. gxf3 b3 32. f4 Bd4 33. Rc4 Bxf2 34. Kg2 Bg3 35. e5 b2 36. d6 exd6 37. exd6 f5 38. Bf3 Bf7 39. Ra4 Be6 40. Ra8 Rxa8 41. Bxa8 Bxf4 42. Rxb2 Kf7 43. Rb7+ Kf6 44. Rh7 Bxd6 45. Rxh4 g5 46. Rh6+ Ke5 47. Rg6 g4 48. hxg4 fxg4 49. Rxe6+ Kxe6 50. Bf3 gxf3+ 51. Kxf3 1/2-1/2

[Event "BL2-Nord 2324"]
[Site "Germany"]
[Date "2024.02.24"]
[Round "7.5"]
[White "Sommer, Justus"]
[Black "Krause, Jonah"]
[Result "0-1"]
[WhiteElo "2041"]
[BlackElo "2366"]
[PlyCount "60"]
[EventDate "2023.10.21"]
[EventType "team-tourn"]
[EventRounds "10"]
[EventCountry "GER"]
[SourceTitle "EXT 2025"]
[Source "ChessBase"]
[SourceDate "2024.10.14"]
[SourceVersion "1"]
[SourceVersionDate "2024.10.14"]
[SourceQuality "1"]
[WhiteTeam "Luebeck"]
[BlackTeam "St Pauli"]
[WhiteTeamCountry "GER"]
[BlackTeamCountry "GER"]

1. e4 c5 2. Nf3 e6 3. d4 cxd4 4. Nxd4 Nc6 5. Nc3 Qc7 6. Be3 a6 7. Qd2 Nf6 8. 0-0-0 Be7 9. f3 b5 10. g4 Nxd4 11. Bxd4 Bb7 12. g5 Nh5 13. Kb1 0-0 14. Ne2 e5 15. Be3 d5 16. Ng3 Nf4 17. Bd3 Rad8 18. Bxf4 exf4 19. Nf5 Bxg5 20. e5 Qxe5 21. Rde1 Qf6 22. h4 Bh6 23. Re7 Bc8 24. Nxh6+ Qxh6 25. Qa5 Rde8 26. Rc7 Qd6 27. a4 bxa4 28. Rd1 Be6 29. Be4 a3 30. Ra7 Qb8 0-1

[Event "Heusenstamm Sparkassen op-A 9th"]
[Site "Heusenstamm"]
[Date "2023.11.26"]
[Round "7"]
[White "Krause, Jonah"]
[Black "Ngo, Quang Thai"]
[Result "1-0"]
[WhiteElo "2366"]
[BlackElo "2080"]
[PlyCount "81"]
[EventDate "2023.11.23"]
[EventType "swiss"]
[EventRounds "7"]
[EventCountry "GER"]
[SourceTitle "CBM 217 Extra"]
[Source "ChessBase"]
[SourceDate "2024.01.31"]
[SourceVersion "1"]
[SourceVersionDate "2024.01.31"]
[SourceQuality "1"]

1. d4 Nf6 2. c4 e6 3. Nf3 d5 4. Nc3 dxc4 5. e4 b5 6. e5 Nd5 7. Nxb5 Nb6 8. Be2 Nc6 9. a3 Bb7 10. Be3 Be7 11. 0-0 0-0 12. Qc2 Na5 13. Rad1 Rb8 14. Nc3 Qd7 15. Rfe1 h6 16. h3 Qc6 17. Bf1 Rfd8 18. Nh2 Qe8 19. Qe2 Kh8 20. Qg4 Nd5 21. Bd2 Nb3 22. Nxd5 Bxd5 23. Bc3 c5 24. dxc5 Nxc5 25. Bxc4 Ba8 26. b4 Na4 27. Bd4 a5 28. b5 Bxa3 29. Ba7 Nb2 30. Bxb8 Rxd1 31. Rxd1 Nxd1 32. Bd6 Bxd6 33. exd6 Nc3 34. Qd4 Nd5 35. Qa7 Nf6 36. Ng4 Nd7 37. Qc7 a4 38. b6 Bd5 39. b7 Kg8 40. Ne5 Bxb7 41. Nxd7 1-0

[Event "Heusenstamm Sparkassen op-A 9th"]
[Site "Heusenstamm"]
[Date "2023.11.25"]
[Round "5"]
[White "Krause, Jonah"]
[Black "Hinrichs, Paul"]
[Result "1/2-1/2"]
[WhiteElo "2366"]
[BlackElo "2223"]
[PlyCount "46"]
[EventDate "2023.11.23"]
[EventType "swiss"]
[EventRounds "7"]
[EventCountry "GER"]
[SourceTitle "CBM 217 Extra"]
[Source "ChessBase"]
[SourceDate "2024.01.31"]
[SourceVersion "1"]
[SourceVersionDate "2024.01.31"]
[SourceQuality "1"]

1. d4 d5 2. c4 c6 3. Nc3 Nf6 4. e3 e6 5. Nf3 Nbd7 6. Be2 Bd6 7. 0-0 0-0 8. b3 b6 9. Bb2 Bb7 10. Bd3 Re8 11. Re1 c5 12. cxd5 exd5 13. Rc1 Rc8 14. Ne2 Ne4 15. Ng3 Ndf6 16. Rc2 Ng4 17. Nf5 Bf8 18. dxc5 bxc5 19. h3 Ngf6 20. Nd2 g6 21. Bxe4 Nxe4 22. Nxe4 Rxe4 23. Ng3 Re8 1/2-1/2

[Event "Heusenstamm Sparkassen op-A 9th"]
[Site "Heusenstamm"]
[Date "2023.11.24"]
[Round "2"]
[White "Schmidbauer, Frank"]
[Black "Krause, Jonah"]
[Result "0-1"]
[WhiteElo "2042"]
[BlackElo "2366"]
[PlyCount "160"]
[EventDate "2023.11.23"]
[EventType "swiss"]
[EventRounds "7"]
[EventCountry "GER"]
[SourceTitle "CBM 217 Extra"]
[Source "ChessBase"]
[SourceDate "2024.01.31"]
[SourceVersion "1"]
[SourceVersionDate "2024.01.31"]
[SourceQuality "1"]

1. Nf3 Nf6 2. g3 g6 3. Bg2 Bg7 4. c4 0-0 5. d4 d5 6. cxd5 Nxd5 7. 0-0 Nb6 8. Nc3 Nc6 9. e3 Re8 10. h3 a5 11. d5 Nb4 12. e4 e6 13. a3 Na6 14. Bg5 Qd7 15. Qc2 exd5 16. exd5 Qf5 17. Qb3 a4 18. Nxa4 Qxd5 19. Qxd5 Nxd5 20. Rfd1 Nb6 21. Nxb6 cxb6 22. Rd2 Nc5 23. Rad1 Bf5 24. Be3 Be4 25. Nd4 Na4 26. Rc1 Rad8 27. Rc4 Nc5 28. b4 Bxg2 29. bxc5 Bd5 30. Rc1 bxc5 31. Rxc5 Be4 32. Rc1 h5 33. Rcd1 Bf6 34. Nb5 Rxd2 35. Rxd2 Bc6 36. Nd4 Be4 37. f4 Rc8 38. Ne2 Ra8 39. Bc5 Rc8 40. Bb4 Kg7 41. h4 Rc4 42. Kf2 Bc6 43. Rd1 Rc2 44. Rd2 Rc4 45. Rd1 Re4 46. Bc5 Bb5 47. Nd4 Ba6 48. Bb6 Re8 49. Rc1 Re7 50. Rd1 Re4 51. Kf3 Re8 52. Rc1 Bd8 53. Bxd8 Rxd8 54. Ke3 Re8+ 55. Kf3 Kf6 56. a4 Rd8 57. Ke4 Rd6 58. Nb5 Rd2 59. Rc3 Rb2 60. Nd4 Ra2 61. Kd5 Rxa4 62. Nf3 Kf5 63. Ne5 f6 64. Nf7 Ra5+ 65. Kd6 Ke4 66. Ke7 Kd4 67. Rb3 Kc4 68. Re3 Kd4 69. Rb3 Rc5 70. Nd8 Rc3 71. Rxc3 Kxc3 72. Kxf6 b5 73. Nc6 Bb7 74. Na7 b4 75. Kxg6 b3 76. f5 b2 77. Nb5+ Kb4 78. Kxh5 Kxb5 79. g4 b1Q 80. Kh6 Qe4 0-1

[Event "Munich Pfingst op-A 1st"]
[Site "Munich"]
[Date "2023.06.06"]
[Round "9"]
[White "Hinterreiter, Markus"]
[Black "Krause, Jonah"]
[Result "1/2-1/2"]
[WhiteElo "2194"]
[BlackElo "2395"]
[PlyCount "110"]
[EventDate "2023.05.31"]
[EventType "swiss"]
[EventRounds "9"]
[EventCountry "GER"]
[SourceTitle "EXT 2024"]
[Source "ChessBase"]
[SourceDate "2023.10.10"]
[SourceVersion "1"]
[SourceVersionDate "2023.10.10"]
[SourceQuality "1"]

1. d4 Nf6 2. c4 g6 3. Nc3 Bg7 4. e4 d6 5. Nf3 0-0 6. Be2 e5 7. Be3 Ng4 8. Bg5 f6 9. Bc1 Nc6 10. 0-0 f5 11. dxe5 Ngxe5 12. exf5 Bxf5 13. Be3 Ng4 14. Qd5+ Kh8 15. Bg5 Qd7 16. Rae1 Rae8 17. Qd2 h6 18. h3 hxg5 19. hxg4 Bxg4 20. Nxg5 Bxe2 21. Rxe2 Rxe2 22. Qxe2 Qf5 23. f4 Bd4+ 24. Kh1 Ne5 25. Qd1 Bb6 26. Nd5 Ng4 27. Ne7 Ne3 28. Nxf5 Nxd1 29. Nh4 Ne3 30. Nxg6+ Kg7 31. Nxf8 Nxf1 32. Nfe6+ Kf6 33. b4 c5 34. bxc5 dxc5 35. Nxc5 Bxc5 36. Ne4+ Kf5 37. Nxc5 b6 38. Nd3 Ke4 39. Nb4 Kxf4 40. Nc6 Ne3 41. Nxa7 Nxc4 42. Kh2 Ke5 43. Kh3 Ne3 44. Nc8 Nd5 45. g4 b5 46. Kh4 Nc3 47. g5 Nxa2 48. g6 Kf6 49. Kh5 b4 50. Kh6 b3 51. Nd6 Nc3 52. g7 b2 53. g8Q b1Q 54. Qg5+ Ke6 55. Qg6+ Ke5 1/2-1/2

[Event "Munich Pfingst op-A 1st"]
[Site "Munich"]
[Date "2023.06.04"]
[Round "6"]
[White "Krause, Jonah"]
[Black "Harsh, Suresh"]
[Result "1/2-1/2"]
[WhiteElo "2395"]
[BlackElo "2298"]
[PlyCount "71"]
[EventDate "2023.05.31"]
[EventType "swiss"]
[EventRounds "9"]
[EventCountry "GER"]
[SourceTitle "CBM 214 Extra"]
[Source "ChessBase"]
[SourceDate "2023.07.31"]
[SourceVersion "1"]
[SourceVersionDate "2023.07.31"]
[SourceQuality "1"]

1. d4 d6 2. Nf3 g6 3. c4 Bg7 4. Nc3 Nc6 5. d5 Ne5 6. Bf4 Nxf3+ 7. exf3 Nf6 8. Be2 0-0 9. Qd2 c6 10. 0-0 cxd5 11. cxd5 Bd7 12. a3 Rc8 13. Be3 a6 14. Rfd1 b5 15. Rac1 Qa5 16. Bd4 e5 17. dxe6 Bxe6 18. Qe3 Qd8 19. Ne4 Nxe4 20. fxe4 Bxd4 21. Qxd4 Qg5 22. Rxc8 Rxc8 23. Qxd6 Rc2 24. Bf3 Rxb2 25. h3 Rc2 26. Qxa6 Qc5 27. Kh1 Rxf2 28. Qd6 Qxd6 29. Rxd6 Ra2 30. Rd3 Bc4 31. Re3 Kf8 32. e5 Ke7 33. Kh2 Ke6 34. Kg3 h5 35. Kf4 Bf1 36. g4 1/2-1/2

[Event "BL2-Nord 2223"]
[Site "Germany"]
[Date "2022.10.22"]
[Round "1.6"]
[White "Joecks, Christian"]
[Black "Krause, Jonah"]
[Result "0-1"]
[WhiteElo "2371"]
[BlackElo "2374"]
[PlyCount "64"]
[EventDate "2022.10.22"]
[EventType "team-tourn"]
[EventRounds "10"]
[EventCountry "GER"]
[SourceTitle "EXT 2024"]
[Source "ChessBase"]
[SourceDate "2023.10.10"]
[SourceVersion "1"]
[SourceVersionDate "2023.10.10"]
[SourceQuality "1"]
[WhiteTeam "Norderstedt"]
[BlackTeam "St Pauli"]
[WhiteTeamCountry "GER"]
[BlackTeamCountry "GER"]

1. e4 c5 2. Nf3 e6 3. d4 cxd4 4. Nxd4 Nc6 5. Nxc6 bxc6 6. c4 Nf6 7. Nc3 e5 8. Be3 Bb4 9. Bd3 0-0 10. 0-0 d5 11. cxd5 Bxc3 12. bxc3 cxd5 13. exd5 Qxd5 14. Qe2 Bb7 15. f3 e4 16. fxe4 Nxe4 17. Bxe4 Qxe4 18. Rf4 Qe5 19. Qf2 Qxc3 20. Bd4 Qc6 21. Qb2 f6 22. Rc1 Qd7 23. h3 Rac8 24. Rcf1 a6 25. Rg4 Rc4 26. Rff4 Rf7 27. Qf2 Qc7 28. Qe3 Re7 29. Qg3 h5 30. Rg6 Rc1+ 31. Kh2 Ree1 32. Qf2 Be4 0-1

[Event "Guimaraes op"]
[Site "Guimaraes"]
[Date "2021.08.28"]
[Round "8"]
[White "Krause, Jonah"]
[Black "Pantzar, Milton"]
[Result "1/2-1/2"]
[WhiteElo "2348"]
[BlackElo "2424"]
[PlyCount "70"]
[EventDate "2021.08.24"]
[EventType "swiss"]
[EventRounds "9"]
[EventCountry "POR"]
[SourceTitle "CBM 204 Extra"]
[Source "ChessBase"]
[SourceDate "2021.11.30"]
[SourceVersion "1"]
[SourceVersionDate "2021.11.30"]
[SourceQuality "1"]

1. d4 Nf6 2. c4 e6 3. Nf3 b6 4. g3 Bb7 5. Bg2 d5 6. cxd5 exd5 7. 0-0 Bd6 8. Nc3 0-0 9. Bg5 Nbd7 10. Nh4 h6 11. Bxf6 Nxf6 12. Nf5 c5 13. dxc5 Bxc5 14. Qd3 Re8 15. e3 Ne4 16. Rad1 Qf6 17. Nd4 Rad8 18. Nb3 Bb4 19. Nxe4 dxe4 20. Qc4 a5 21. a3 Bf8 22. Rxd8 Rxd8 23. Nd4 Rc8 24. Qb5 g6 25. Rd1 h5 26. h4 Rc5 27. Qe8 Qe7 28. Qb8 Qc7 29. Qa7 Bg7 30. b4 Re5 31. Ne2 axb4 32. axb4 Re7 33. Nf4 Be5 34. Nd5 Bxd5 35. Qxc7 Bxc7 1/2-1/2

[Event "Guimaraes op"]
[Site "Guimaraes"]
[Date "2021.08.27"]
[Round "6"]
[White "Krause, Jonah"]
[Black "Boyer, Mahel"]
[Result "0-1"]
[WhiteElo "2348"]
[BlackElo "2415"]
[PlyCount "74"]
[EventDate "2021.08.24"]
[EventType "swiss"]
[EventRounds "9"]
[EventCountry "POR"]
[SourceTitle "CBM 204 Extra"]
[Source "ChessBase"]
[SourceDate "2021.11.30"]
[SourceVersion "1"]
[SourceVersionDate "2021.11.30"]
[SourceQuality "1"]

1. d4 d5 2. c4 e6 3. Nf3 Nf6 4. Nc3 Bb4 5. cxd5 exd5 6. Bg5 h6 7. Bh4 g5 8. Bg3 Ne4 9. Nd2 Nxg3 10. hxg3 c6 11. a3 Ba5 12. e3 Be6 13. Nb3 Bb6 14. Bd3 Nd7 15. Rc1 Qe7 16. Na4 Nf6 17. Qd2 h5 18. Qb4 h4 19. Nac5 0-0-0 20. gxh4 Rxh4 21. Rxh4 gxh4 22. Na5 Rg8 23. Naxb7 Rxg2 24. Qa4 Rg1+ 25. Kd2 Rxc1 26. Kxc1 Qc7 27. Ba6 h3 28. Nxe6 fxe6 29. Qb4 c5 30. dxc5 h2 31. Qh4 Qh7 32. Na5+ Kb8 33. Qf4+ e5 34. Qxe5+ Bc7 35. Nc6+ Ka8 36. Qxf6 h1Q+ 37. Kd2 Q1h6 0-1

[Event "Karlsruhe Grenke op"]
[Site "Karlsruhe"]
[Date "2019.04.22"]
[Round "8"]
[White "Krause, Jonah"]
[Black "Ginsburg, Gennadij"]
[Result "1/2-1/2"]
[WhiteElo "2343"]
[BlackElo "2430"]
[PlyCount "143"]
[EventDate "2019.04.18"]
[EventType "swiss"]
[EventRounds "9"]
[EventCountry "GER"]
[SourceTitle "CBM 189 Extra"]
[Source "ChessBase"]
[SourceDate "2019.05.31"]
[SourceVersion "1"]
[SourceVersionDate "2019.05.31"]
[SourceQuality "1"]

1. Nf3 d5 2. d4 e6 3. c4 c5 4. cxd5 exd5 5. Nc3 Nc6 6. g3 Nf6 7. Bg2 Be7 8. 0-0 0-0 9. dxc5 Bxc5 10. Na4 Be7 11. Be3 Re8 12. Nd4 Bg4 13. Rc1 Qd7 14. Nxc6 bxc6 15. Re1 Bh3 16. Bh1 Bb4 17. Bd2 Bd6 18. a3 Rac8 19. b4 Qf5 20. Bc3 Ne4 21. Bd4 Bf4 22. Rc2 Qg6 23. Bg2 Bf5 24. Ra2 h5 25. Nc5 Nd6 26. e3 Bg5 27. a4 Bd8 28. b5 cxb5 29. Bxd5 Ba5 30. Ree2 Bb6 31. Nb3 bxa4 32. Rxa4 Bg4 33. f3 Bd7 34. Ra1 Bb5 35. Re1 Nf5 36. Bxb6 Qxb6 37. Be4 Nxe3 38. Qd4 Nc2 39. Bxc2 Rxe1+ 40. Rxe1 Rxc2 41. Qxb6 axb6 42. Nd4 Rb2 43. Re5 Bc4 44. Rxh5 Rd2 45. Nc6 g6 46. Re5 Kg7 47. Re4 b5 48. Ne5 Bd5 49. Re3 Be6 50. Nd3 Bf5 51. Ne1 Rb2 52. g4 Bb1 53. h3 b4 54. Kf1 b3 55. Rc3 Ba2 56. Nd3 Rd2 57. Ke1 Rxd3 58. Rxd3 b2 59. Rd1 g5 60. Kf2 b1Q 61. Rxb1 Bxb1 62. f4 Kf6 63. Kg3 Bc2 64. Kf3 Bd3 65. Kg3 Bf1 66. h4 gxh4+ 67. Kxh4 Be2 68. Kh5 Bd1 69. Kh4 Kg6 70. Kg3 f6 71. Kh4 Kf7 72. Kg3 1/2-1/2

[Event "Karlsruhe Grenke op"]
[Site "Karlsruhe"]
[Date "2019.04.22"]
[Round "9"]
[White "Schneider, Ilja"]
[Black "Krause, Jonah"]
[Result "1-0"]
[WhiteElo "2504"]
[BlackElo "2343"]
[PlyCount "81"]
[EventDate "2019.04.18"]
[EventType "swiss"]
[EventRounds "9"]
[EventCountry "GER"]
[SourceTitle "CBM 189 Extra"]
[Source "ChessBase"]
[SourceDate "2019.05.31"]
[SourceVersion "1"]
[SourceVersionDate "2019.05.31"]
[SourceQuality "1"]

1. e4 c5 2. c3 Nf6 3. e5 Nd5 4. Nf3 d6 5. d4 cxd4 6. Qxd4 e6 7. Nbd2 Nc6 8. Bb5 Bd7 9. Bxc6 Bxc6 10. Nc4 dxe5 11. Ncxe5 f6 12. Nxc6 bxc6 13. 0-0 e5 14. Qa4 Qc7 15. Rd1 Nb6 16. Qg4 Qf7 17. Be3 Nd5 18. Qc4 Qe6 19. Bc5 Kf7 20. Rd2 Nb6 21. Qxe6+ Kxe6 22. Bxf8 Rhxf8 23. Rad1 Ke7 24. b3 Rfd8 25. c4 Rxd2 26. Nxd2 Rd8 27. Kf1 f5 28. Ke2 g5 29. h3 h5 30. g4 fxg4 31. hxg4 hxg4 32. Rh1 Nd7 33. Rh7+ Ke6 34. Rh6+ Kf5 35. Nf1 e4 36. Ne3+ Ke5 37. Rxc6 Nf6 38. Rc5+ Kd4 39. Rxg5 Kc3 40. Nd5+ Nxd5 41. Rxd5 1-0

[Event "Karlsruhe Grenke op"]
[Site "Karlsruhe"]
[Date "2019.04.21"]
[Round "7"]
[White "Vrolijk, Liam"]
[Black "Krause, Jonah"]
[Result "1/2-1/2"]
[WhiteElo "2465"]
[BlackElo "2343"]
[PlyCount "85"]
[EventDate "2019.04.18"]
[EventType "swiss"]
[EventRounds "9"]
[EventCountry "GER"]
[SourceTitle "CBM 189 Extra"]
[Source "ChessBase"]
[SourceDate "2019.05.31"]
[SourceVersion "1"]
[SourceVersionDate "2019.05.31"]
[SourceQuality "1"]

1. d4 Nf6 2. c4 g6 3. Nc3 Bg7 4. e4 d6 5. Nf3 0-0 6. Be2 e5 7. d5 a5 8. Bg5 h6 9. Bh4 Na6 10. Nd2 Bd7 11. 0-0 Qe8 12. b3 Nh7 13. a3 h5 14. f3 Bh6 15. Rb1 Be3+ 16. Kh1 Bc5 17. Qc1 Kh8 18. Na2 f5 19. b4 axb4 20. axb4 Be3 21. exf5 gxf5 22. Qc3 f4 23. Qc2 Bf5 24. Ne4 Qg6 25. Bd3 Ng5 26. Nac3 Nxe4 27. Bxe4 Bxe4 28. Nxe4 Rf7 29. Rfe1 c5 30. dxc6 bxc6 31. Red1 Bd4 32. Qe2 d5 33. cxd5 cxd5 34. Nc5 Nxc5 35. bxc5 Kh7 36. Rb6 Qf5 37. Rd6 Bxc5 38. R6xd5 Be3 39. Qb5 Qc2 40. Rd7 Ra7 41. Rxf7+ Rxf7 42. Qd3+ Qxd3 43. Rxd3 1/2-1/2

[Event "Karlsruhe Grenke op"]
[Site "Karlsruhe"]
[Date "2019.04.20"]
[Round "4"]
[White "Krause, Jonah"]
[Black "Beerdsen, Thomas"]
[Result "1/2-1/2"]
[WhiteElo "2343"]
[BlackElo "2483"]
[PlyCount "46"]
[EventDate "2019.04.18"]
[EventType "swiss"]
[EventRounds "9"]
[EventCountry "GER"]
[SourceTitle "CBM 189 Extra"]
[Source "ChessBase"]
[SourceDate "2019.05.31"]
[SourceVersion "1"]
[SourceVersionDate "2019.05.31"]
[SourceQuality "1"]

1. d4 d5 2. c4 Nc6 3. Nc3 Nf6 4. Nf3 dxc4 5. Bg5 a6 6. d5 Na5 7. Qa4+ c6 8. b4 cxb3 9. axb3 e6 10. Bd2 b6 11. b4 Nb7 12. Qxc6+ Qd7 13. Qxb6 Nxd5 14. Nxd5 Qxd5 15. Rxa6 Rxa6 16. Qxa6 Qb3 17. Qd3 Qb2 18. Qc3 Qb1+ 19. Qc1 Qxc1+ 20. Bxc1 Bxb4+ 21. Bd2 Bxd2+ 22. Nxd2 Nc5 23. e3 Ke7 1/2-1/2

[Event "BL2-Nord 1819"]
[Site "Germany"]
[Date "2019.02.02"]
[Round "5.5"]
[White "Sroczynski, Maciej"]
[Black "Krause, Jonah"]
[Result "0-1"]
[WhiteElo "2300"]
[BlackElo "2316"]
[PlyCount "206"]
[EventDate "2018.11.10"]
[EventType "team-tourn"]
[EventRounds "10"]
[EventCountry "GER"]
[SourceTitle "CBM 190 Extra"]
[Source "ChessBase"]
[SourceDate "2019.07.15"]
[SourceVersion "1"]
[SourceVersionDate "2019.07.15"]
[SourceQuality "1"]
[WhiteTeam "Ruedersdorf Glueckauf"]
[BlackTeam "St Pauli"]
[WhiteTeamCountry "GER"]
[BlackTeamCountry "GER"]

1. d4 Nf6 2. c4 g6 3. Nc3 Bg7 4. g3 0-0 5. Bg2 d6 6. Nf3 Nbd7 7. 0-0 e5 8. e4 c6 9. h3 Qb6 10. c5 dxc5 11. dxe5 Ne8 12. Qc2 Qc7 13. e6 fxe6 14. a4 b6 15. Ng5 Ne5 16. f4 Nf7 17. Nxf7 Bd4+ 18. Kh1 Rxf7 19. e5 Ba6 20. Re1 Bxc3 21. Qxc3 Rd8 22. Qf3 Rd5 23. a5 Bb5 24. axb6 axb6 25. Qg4 Qc8 26. Be3 Ng7 27. h4 Nf5 28. Bxd5 cxd5 29. Bf2 d4 30. Kh2 Bc6 31. Qe2 Qd7 32. Rg1 d3 33. Qd2 Qd5 34. Ra3 c4 35. Bxb6 Rb7 36. Qf2 h5 37. Ra8+ Kh7 38. Ra7 Rxa7 39. Bxa7 Qf3 40. Rf1 d2 41. Qg1 Qe2+ 42. Kh3 Bf3 43. Bf2 d1R 44. Rxd1 Qxd1 45. Qxd1 Bxd1 46. Kg2 Kg8 47. Kf1 Kf7 48. Ke1 Bf3 49. Kd2 Ke7 50. Kc3 Bd5 51. Kb4 Kd7 52. Kb5 Ne7 53. Be1 Nc6 54. Kc5 Kc7 55. Bc3 Ne7 56. Be1 Nf5 57. Bf2 Bg2 58. Kb5 Bf1 59. Kc5 Be2 60. Be1 Ne3 61. Ba5+ Kd7 62. Bc3 Nd5 63. Ba5 Ne3 64. Bc3 Nf1 65. Be1 Nh2 66. Bc3 Bd3 67. Kb6 Nf1 68. Be1 Bf5 69. Kc5 Kc7 70. Kb5 Kb7 71. Kc5 Bg4 72. Kb5 Bh3 73. Kc5 Bf5 74. Kb5 Bg4 75. Kc5 Ka6 76. Kc6 Ne3 77. Bc3 Nd5 78. Bd2 Nb6 79. Kc5 Na4+ 80. Kxc4 Nxb2+ 81. Kc5 Nd3+ 82. Kc4 Nf2 83. Be1 Ne4 84. Kd4 Bf5 85. Kc4 Kb6 86. Kb4 Kc6 87. Kc4 Bh3 88. Kd4 Bg2 89. Kc4 Bh1 90. Bb4 Nxg3 91. Be7 Ne2 92. Bg5 Be4 93. Bh6 Ng3 94. Bg5 Nf5 95. Bd8 Bg2 96. Bg5 Bf1+ 97. Kc3 Kd5 98. Kd2 Ke4 99. Ke1 Bb5 100. Kf2 Nd4 101. Kg3 Ne2+ 102. Kf2 Nxf4 103. Bf6 Nd3+ 0-1

[Event "BL2-Nord 1819"]
[Site "Germany"]
[Date "2018.12.16"]
[Round "4.3"]
[White "Krause, Jonah"]
[Black "Colpe, Malte"]
[Result "1/2-1/2"]
[WhiteElo "2314"]
[BlackElo "2374"]
[PlyCount "94"]
[EventDate "2018.11.10"]
[EventType "team-tourn"]
[EventRounds "10"]
[EventCountry "GER"]
[SourceTitle "CBM 190 Extra"]
[Source "ChessBase"]
[SourceDate "2019.07.15"]
[SourceVersion "1"]
[SourceVersionDate "2019.07.15"]
[SourceQuality "1"]
[WhiteTeam "St Pauli"]
[BlackTeam "Hamburger SK II"]
[WhiteTeamCountry "GER"]
[BlackTeamCountry "GER"]

1. Nf3 d5 2. d4 Nf6 3. c4 e6 4. g3 dxc4 5. Bg2 Bd7 6. Ne5 Bc6 7. Nxc6 Nxc6 8. 0-0 Qd7 9. e3 Rd8 10. Qe2 e5 11. Qxc4 exd4 12. exd4 Nxd4 13. Nc3 Be7 14. Be3 c5 15. Rfd1 0-0 16. Bxd4 cxd4 17. Ne2 d3 18. Nc1 b5 19. Qf4 d2 20. Nb3 Qg4 21. Qxg4 Nxg4 22. Nxd2 Bc5 23. Ne4 Bb6 24. h3 f5 25. hxg4 fxe4 26. Rxd8 Rxd8 27. Bxe4 Rd2 28. Rc1 Rxf2 29. Kh1 Rxb2 30. Rc8+ Kf7 31. Bxh7 Kf6 32. Bg8 Ke7 33. Bb3 Rd2 34. Rg8 Bd4 35. Rb8 Bb6 36. Rg8 Kf6 37. Rf8+ Ke5 38. Rf5+ Ke4 39. Rxb5 Kf3 40. Rd5 Rb2 41. Rd3+ Be3 42. Rc3 g5 43. Bd1+ Ke4 44. Bc2+ Kf3 45. Bd1+ Kf2 46. Rc2+ Rxc2 47. Bxc2 Kxg3 1/2-1/2

[Event "Blankenese op 2nd"]
[Site "Hamburg"]
[Date "2018.10.02"]
[Round "6.1"]
[White "Krause, Jonah"]
[Black "Porth, Hartmut"]
[Result "1/2-1/2"]
[WhiteElo "2304"]
[BlackElo "2068"]
[PlyCount "181"]
[EventDate "2018.09.29"]
[EventType "swiss"]
[EventRounds "7"]
[EventCountry "GER"]
[SourceTitle "EXT 2020"]
[Source "ChessBase"]
[SourceDate "2019.10.17"]
[SourceVersion "1"]
[SourceVersionDate "2019.10.17"]
[SourceQuality "1"]

1. d4 d5 2. c4 Nc6 3. Nc3 e5 4. cxd5 Nxd4 5. e3 Nf5 6. Bb5+ Bd7 7. Qb3 Nd6 8. Bxd7+ Qxd7 9. Nf3 f6 10. 0-0 Nh6 11. e4 Nhf7 12. Ne1 g5 13. Nd3 b6 14. a4 a5 15. f3 Be7 16. Bd2 0-0 17. Rac1 Rae8 18. g4 h5 19. h3 Bd8 20. Nf2 Kg7 21. Ne2 h4 22. Qc2 Nb7 23. Be3 Nfd6 24. Qc6 Re7 25. Qxd7 Rxd7 26. Rc2 Ne8 27. Rfc1 Rff7 28. Nd3 Be7 29. Kf2 Kg6 30. Nc3 Ned6 31. Nb1 Ne8 32. Ke2 Bf8 33. Rc6 Rd6 34. R6c2 Rdd7 35. Nd2 Nbd6 36. Rc6 Kh7 37. Nc4 Nxc4 38. R6xc4 Nd6 39. Rc6 Nb7 40. Kd2 Bd6 41. Kc2 Nd8 42. Rc3 Nb7 43. Kb3 Bf8 44. Kc2 Bd6 45. Kd1 Rg7 46. Ke2 Rdf7 47. Rb1 Rg8 48. Rc2 Rb8 49. Bd2 Ra8 50. b3 Kh8 51. Ra1 Nc5 52. Nxc5 Bxc5 53. Be3 Bd6 54. Kd3 Kg8 55. Rc6 Rb8 56. Kc4 Kf8 57. Kb5 Ke8 58. Bc1 Kd8 59. Ba3 Bxa3 60. Rxa3 Rc8 61. Ra2 Rd7 62. Rxf6 Rd6 63. Rf8+ Kd7 64. Rxc8 Kxc8 65. Rc2 c5 66. dxc6 Kc7 67. b4 axb4 68. Kxb4 Rd1 69. Rc3 Rb1+ 70. Kc4 Kxc6 71. Kd3+ Kd7 72. Ke3 Rb4 73. Ra3 Ke6 74. Kd3 Rb1 75. Kc4 Rc1+ 76. Kb5 Rb1+ 77. Kc6 Rb4 78. Kc7 Ke7 79. Rc3 Rxa4 80. Kxb6 Rd4 81. Kc5 Rd1 82. Ra3 Ke6 83. Ra6+ Kf7 84. Rd6 Rh1 85. Kd5 Rxh3 86. Kxe5 Rxf3 87. Rd7+ Kg6 88. Rd6+ Kg7 89. Rd7+ Kg6 90. Rd6+ Kg7 91. Rd7+ 1/2-1/2

[Event "Blankenese op 2nd"]
[Site "Hamburg"]
[Date "2018.09.30"]
[Round "3.1"]
[White "Kardoeus, David"]
[Black "Krause, Jonah"]
[Result "0-1"]
[WhiteElo "2169"]
[BlackElo "2304"]
[PlyCount "70"]
[EventDate "2018.09.29"]
[EventType "swiss"]
[EventRounds "7"]
[EventCountry "GER"]
[SourceTitle "EXT 2020"]
[Source "ChessBase"]
[SourceDate "2019.10.17"]
[SourceVersion "1"]
[SourceVersionDate "2019.10.17"]
[SourceQuality "1"]

1. e4 c5 2. Nf3 e6 3. d4 cxd4 4. Nxd4 Nc6 5. Nc3 Qc7 6. Be3 a6 7. Qf3 Nf6 8. 0-0-0 Ne5 9. Qg3 b5 10. f3 b4 11. Na4 d6 12. b3 Bd7 13. Nb2 Be7 14. Qxg7 Rg8 15. Qh6 Rg6 16. Qh3 d5 17. f4 Neg4 18. f5 Rg8 19. fxe6 fxe6 20. Be2 Nxe3 21. Qxe3 Nxe4 22. Bh5+ Rg6 23. h4 0-0-0 24. Bxg6 hxg6 25. Na4 Kb7 26. g3 Rc8 27. Rh2 Bd6 28. Rf1 e5 29. Nf3 Nxg3 30. Rg1 Nf5 31. Qd3 Bc6 32. Nxe5 Bxe5 33. Re2 Qd6 34. Kb1 Bb5 35. c4 bxc3 0-1

[Event "Blankenese op 2nd"]
[Site "Hamburg"]
[Date "2018.09.30"]
[Round "4.1"]
[White "Krause, Jonah"]
[Black "Woelk, Tom Frederic"]
[Result "1/2-1/2"]
[WhiteElo "2304"]
[BlackElo "2261"]
[PlyCount "41"]
[EventDate "2018.09.29"]
[EventType "swiss"]
[EventRounds "7"]
[EventCountry "GER"]
[SourceTitle "EXT 2020"]
[Source "ChessBase"]
[SourceDate "2019.10.17"]
[SourceVersion "1"]
[SourceVersionDate "2019.10.17"]
[SourceQuality "1"]

1. d4 Nf6 2. c4 e6 3. Nf3 c5 4. Nc3 cxd4 5. Nxd4 d5 6. cxd5 Nxd5 7. Bd2 Bb4 8. g3 0-0 9. Bg2 Nxc3 10. bxc3 Bc5 11. Nb3 Bb6 12. e4 Na6 13. 0-0 Qc7 14. Qc2 Bd7 15. a4 Rae8 16. a5 Bc5 17. Nxc5 Nxc5 18. Be3 b6 19. axb6 axb6 20. Rfd1 Bc6 21. Bxc5 1/2-1/2